[Event "XX Guillermo Garcia Mem Talents"]
[Site "Santa Clara CUB"]
[Date "2011.05.23"]
[Round "1.4"]
[White "Ochoa de la Rosa,M"]
[Black "Gonzalez Grave De Peralta,Raul"]
[Result "1/2-1/2"]
[WhiteElo "2149"]
[BlackElo "2069"]

1.e4 c5 2.Nf3 d6 3.d4 cxd4 4.Nxd4 Nf6 5.Nc3 a6 6.Be3 e5 7.Nf3 Be7 8.Bc4 O-O
9.O-O Nbd7 10.Re1 Qc7 11.Bb3 b6 12.Bg5 Bb7 13.Re2 h6 14.Bxf6 Nxf6 15.Bd5 Rac8
16.Qd3 Qb8 17.Rd1 Rxc3 18.Qxc3 Nxd5 19.exd5 f5 20.Qb3 Bd8 21.c4 Qc7 22.Qc2 Bc8
23.Nd2 Qf7 24.b4 Qh5 25.Nf1 f4 26.f3 Bf5 27.Qd2 e4 28.Rxe4 Bxe4 29.fxe4 Bf6
30.Re1 Qe5 31.Qe2 Qc3 32.Rb1 Re8 33.Nd2 Bd4+ 34.Kf1 Qc2 35.Rd1 Qxa2 36.Nf3 Qxe2+
37.Kxe2 Be3 38.Kd3 b5 39.cxb5 axb5 40.Ra1 Rb8 41.e5 dxe5 42.Nxe5 Rd8 43.Ke4 Bd2
44.Nc6 Re8+ 45.Kd3 Be3 46.Ra5 Bg1 47.Rxb5 f3 48.gxf3 Bxh2 49.Ra5 h5 50.Ra1 h4
51.Rh1 Bg3 52.b5 Kf7 53.b6 Kf6 54.b7 g5 55.Kc4 Kf5 56.Kc5 Kf4 57.b8=Q+ Rxb8
58.Nxb8 Kxf3 59.Nc6 Kg2 60.Rd1 h3 61.d6 h2 62.Rd2+ Kh3 63.d7 Bc7 64.Rxh2+ Kxh2
65.Kb5 g4 66.Ka6 g3 67.Kb7 Bd8 68.Nxd8 g2 69.Nc6 g1=Q 70.d8=Q Qg7+ 71.Ne7 Qb2+
72.Kc7 Qe5+ 73.Kc6 Qe6+ 74.Kc5 Qe3+ 75.Kd6 Qh6+ 76.Ke5 Qg5+ 77.Ke6 Qh6+ 78.Kf5 Qh5+
79.Kf6 Qh4+ 80.Kg7 Qg5+ 81.Kf7 Qf4+ 82.Ke6 Qe4+ 83.Kf6 Qh4+ 84.Kg7 Qg5+ 85.Kf7 Qf4+
86.Kg8 Qg5+ 87.Kf8 Qf4+ 88.Kg7 Qg5+ 89.Kf7 Qf4+ 90.Ke6 Qe4+ 91.Kd6 Qf4+  1/2-1/2

[Event "63rd ch-MNE"]
[Site "Tivat MNE"]
[Date "2011.05.24"]
[Round "4.3"]
[White "Krivokapic,M"]
[Black "Djukanovic,S"]
[Result "1/2-1/2"]
[WhiteElo "2413"]
[BlackElo "2294"]

1.e4 c5 2.Nf3 d6 3.d4 cxd4 4.Nxd4 Nf6 5.Nc3 a6 6.Be3 e5 7.Nb3 Be6 8.f3 Be7
9.Qd2 Nbd7 10.O-O-O b5 11.g4 b4 12.Nd5 Bxd5 13.exd5 Nb6 14.Bxb6 Qxb6 15.Qe2 O-O
16.f4 exf4 17.g5 f3 18.Qxe7 Rfe8 19.gxf6 Rxe7 20.fxe7 Qe3+  1/2-1/2

[Event "XXX Zalakaros Open"]
[Site "Zalakaros HUN"]
[Date "2011.05.24"]
[Round "5"]
[White "Zsirai,P"]
[Black "Pesek,Ra"]
[Result "1-0"]
[WhiteElo "2036"]
[BlackElo "2067"]

1.e4 c5 2.Nf3 d6 3.d4 cxd4 4.Nxd4 Nf6 5.Nc3 a6 6.Be3 Nbd7 7.f3 Qc7 8.g4 Ne5
9.g5 Nfd7 10.f4 Nc4 11.Bxc4 Qxc4 12.Qd2 b5 13.b3 Qc7 14.Nd5 Qb7 15.Qa5 e6
16.Nc7+ Ke7 17.Nxa8 Qxe4 18.O-O-O Qxe3+ 19.Kb1 Qe4 20.Qc7 Bb7 21.Nb6  1-0

[Event "Zonal 3.3"]
[Site "Tagaytay City PHI"]
[Date "2011.05.25"]
[Round "3"]
[White "Liu Dede"]
[Black "Turqueza,M"]
[Result "0-1"]
[WhiteElo "2418"]
[BlackElo "2181"]

1.e4 c5 2.Nf3 d6 3.d4 cxd4 4.Nxd4 Nf6 5.Nc3 a6 6.Be3 e5 7.Nb3 Be6 8.f3 Be7
9.Qd2 h5 10.O-O-O Nbd7 11.Kb1 b5 12.Nd5 Nxd5 13.exd5 Bf5 14.Bd3 Bxd3 15.Qxd3 Nf6
16.Rhf1 O-O 17.h3 h4 18.f4 e4 19.Qe2 Qd7 20.Bf2 Rfe8 21.Qe1 a5 22.Bxh4 a4
23.Nc1 b4 24.Qxb4 Nxd5 25.Rxd5 Bxh4 26.Qxd6 Qb7 27.Qd7 Qa6 28.Qb5 Qg6 29.Qe2 Rab8
30.Rb5 Qc6 31.c4 Bf6 32.g4 g6 33.a3 Rxb5 34.cxb5 Qc5 35.Na2 e3 36.Rd1 Re4
37.g5 Bd4 38.Nb4 Rxf4 39.Nc2 Qf5 40.Qc4 Bb6 41.Qc6 Rf2 42.Rc1 e2 43.Re1 Kh7
44.Qxb6 Rf1 45.Qa5 Qd3 46.Qc3 Rxe1+  0-1

[Event "XXX Zalakaros Open"]
[Site "Zalakaros HUN"]
[Date "2011.05.25"]
[Round "6"]
[White "Gledura,B"]
[Black "Chen Yang"]
[Result "1/2-1/2"]
[WhiteElo "2176"]
[BlackElo "2081"]

1.e4 c5 2.Nf3 d6 3.d4 cxd4 4.Nxd4 Nf6 5.Nc3 a6 6.Be3 e5 7.Nf3 Be7 8.Bc4 O-O
9.O-O Be6 10.Bxe6 fxe6 11.Na4 Ng4 12.Qd3 Nxe3 13.Qxe3 b5 14.Nb6 Ra7 15.Nd5 Rb7
16.Qd2 Rd7 17.Nxe7+ Qxe7 18.a4 h6 19.axb5 axb5 20.Qb4 Rxf3 21.gxf3 Nc6 22.Qc3 Nd4
23.Kh1 Rc7 24.Qd3 Rxc2 25.f4 Rxb2 26.Qg3 Qf6 27.fxe5 dxe5 28.Ra8+ Kh7 29.Ra7 Qf3+
30.Qxf3 Nxf3 31.Kg2 Nd2 32.Rc1 Nxe4 33.Rcc7 Rxf2+ 34.Kg1 Kg6 35.Rxg7+ Kh5
36.Ra3 Rf4 37.Rh3+ Rh4 38.Rxh4+ Kxh4 39.Rg6 Nc5  1/2-1/2

[Event "Orlova Open"]
[Site "Orlova CZE"]
[Date "2011.05.26"]
[Round "6.18"]
[White "Folwarczny,Marek"]
[Black "Vahala,T"]
[Result "0-1"]
[WhiteElo "1605"]
[BlackElo "1907"]

1.e4 c5 2.Nf3 d6 3.d4 cxd4 4.Nxd4 Nf6 5.Nc3 a6 6.Be3 e6 7.Be2 Be7 8.O-O O-O
9.f4 Nc6 10.Qd2 Bd7 11.Rad1 Qc7 12.a3 Rad8 13.Bf3 Nxd4 14.Qxd4 Bc6 15.Qb6 Qc8
16.f5 exf5 17.exf5 Bxf3 18.Rxf3 d5 19.Qb3 Qc6 20.Bg5 d4 21.Ne2 Bc5 22.Rfd3 Rfe8
23.Ng3 Rd7 24.Kh1 h6 25.Bxf6 Qxf6 26.c3 Rde7 27.h3 Re1+ 28.Rxe1 Rxe1+ 29.Kh2 Qg5
30.cxd4 Bd6 31.Rf3 h5 32.Qc3 Rc1 33.Qb3 h4  0-1

[Event "ch-KAZ 2011"]
[Site "Astana KAZ"]
[Date "2011.05.27"]
[Round "12"]
[White "Aitbayev,A"]
[Black "Jumabayev,R"]
[Result "0-1"]
[WhiteElo "2355"]
[BlackElo "2558"]

1.e4 c5 2.Nf3 d6 3.d4 cxd4 4.Nxd4 Nf6 5.Nc3 a6 6.Be3 e6 7.g4 h6 8.Bg2 Nc6
9.h3 Ne5 10.Qe2 g5 11.O-O Ng6 12.Rad1 Be7 13.Qe1 h5 14.f3 Nd7 15.a4 Nde5
16.b3 Bd7 17.Qf2 Qc7 18.Nde2 b5 19.axb5 axb5 20.Ra1 Rc8 21.Ra7 Qb8 22.Ra6 Rxc3
23.Nxc3 Qc8 24.Rfa1 Qxc3 25.Ra8+ Bc8 26.Qd2 Qc6 27.R1a6 Qxa6 28.Rxa6 Bxa6
29.Bxg5 hxg4 30.hxg4 Bc8 31.Bxe7 Kxe7 32.Kf2 Bd7 33.Kg3 f6 34.f4 Nf7 35.Bf1 e5
36.fxe5 Ngxe5 37.Be2 Ng5 38.Qb4 Rc8 39.Bxb5 Rc3+ 40.Kg2 Rxc2+ 41.Kg3 Bxb5
42.Qxb5 Nxe4+ 43.Kf4 Nc5 44.b4 Ne6+ 45.Kg3 Rc3+ 46.Kg2 Nxg4 47.Qb7+ Rc7 48.Qe4 Ne5
49.Qh7+ Nf7 50.Qe4 Ng5 51.Qa8 Nd8 52.Qd5 Rb7 53.Qc4 Ngf7 54.Qe4+ Ne5 55.Qh7+ Ndf7
56.Qe4 Rb8 57.Kf1 Ng5 58.Qd4 Ngf3 59.Qa7+ Nd7 60.Qe3+ Nfe5 61.Qe4 Kd8 62.Qd5 Kc7
63.Qa5+ Rb6 64.Qa7+ Kd8 65.Qa8+ Rb8 66.Qe4 Rb6 67.Qa8+ Ke7 68.Qe4 Rb5 69.Qh7+ Kd8
70.Qe4 Kc7  0-1

[Event "TCh-SLO"]
[Site "Ljubljana SLO"]
[Date "2011.05.27"]
[Round "1"]
[White "Grosar,A"]
[Black "Vombek,D"]
[Result "1-0"]
[WhiteElo "2408"]
[BlackElo "2327"]

1.e4 c5 2.Nf3 d6 3.d4 cxd4 4.Nxd4 Nf6 5.Nc3 a6 6.Be3 e5 7.Nb3 Be7 8.f3 Be6
9.Qd2 O-O 10.O-O-O Qc7 11.g4 Rc8 12.g5 Nh5 13.Kb1 Nd7 14.Rg1 b5 15.Nd5 Bxd5
16.exd5 b4 17.Rg4 a5 18.Bb5 f5 19.Rc4 Qd8 20.Rxc8 Qxc8 21.Qd3 Nb8 22.h4 g6
23.c3 a4 24.Nd2 bxc3 25.Rc1 Qb7 26.Rxc3 Ra5 27.Bc6 Qb4 28.Rc4  1-0

[Event "TCh-FRA Top 12 2011"]
[Site "Mulhouse FRA"]
[Date "2011.05.27"]
[Round "2.6"]
[White "Bodenez,V"]
[Black "Wirig,A"]
[Result "0-1"]
[WhiteElo "2199"]
[BlackElo "2514"]

1.e4 c5 2.Nf3 d6 3.Nc3 a6 4.d4 cxd4 5.Nxd4 Nf6 6.Be3 e6 7.f3 b5 8.Qd2 b4
9.Nce2 e5 10.Nb3 Nc6 11.Ng3 Be6 12.Bd3 Be7 13.O-O O-O 14.Rfd1 a5 15.Qf2 Qb8
16.Nd2 d5 17.exd5 Nxd5 18.Bc5 Bxc5 19.Qxc5 Nd4 20.Nc4 f6 21.Nd6 Qa7 22.Qxa7 Rxa7
23.Ne2 Nxe2+ 24.Bxe2 Ne3 25.Rd2 Rd8 26.Kf2 Nxc2 27.Rxc2 Rxd6 28.Ke3 Kf7 29.h4 Ke7
30.Bd3 h6 31.Be2 Bxa2 32.Rc5 b3 33.Rac1 a4 34.Rb5 Rdd7 35.Rc6 Rdb7 36.Rcb6 Rxb6
37.Rxb6 Bb1 38.Kd2 Bg6 39.Bc4 Bh5 40.Kc3 Rc7 41.Kb4 Ra7 42.Ka3 Be8 43.Re6+ Kd8
44.Rb6 Kc7 45.Re6 Bc6 46.Kb4 a3 47.bxa3 b2 48.Bd3 Bd7 49.Re7 Kd6  0-1

[Event "TCh-FRA Top 12 2011"]
[Site "Mulhouse FRA"]
[Date "2011.05.27"]
[Round "2.7"]
[White "Babault,P"]
[Black "Moussard,J"]
[Result "0-1"]
[WhiteElo "2400"]
[BlackElo "2422"]

1.e4 c5 2.Nf3 d6 3.d4 cxd4 4.Nxd4 Nf6 5.Nc3 a6 6.Be3 e6 7.Be2 Be7 8.O-O O-O
9.f4 Qc7 10.Qe1 Nbd7 11.Bf3 Re8 12.Nde2 Rb8 13.g4 Nb6 14.Qf2 Nc4 15.g5 Nxe3
16.Qxe3 Nd7 17.Kh1 Qb6 18.Qxb6 Nxb6 19.b3 Bd7 20.a4 Rec8 21.a5 Na8 22.Ra2 Rc5
23.Nd1 e5 24.h4 f6 25.gxf6 Bxf6 26.h5 exf4 27.Nxf4 Rf8 28.Nd5 Bd8 29.N1e3 Bh3
30.Bg2 Rxf1+ 31.Nxf1 Bxg2+ 32.Kxg2 Rxa5 33.Rxa5 Bxa5 34.Nfe3 Nc7 35.Ne7+ Kf7
36.N7f5 Ne8 37.Nd5 g6 38.hxg6+ hxg6 39.Nfe3 Bd8 40.Kf3 Nf6 41.Nf4 Nd7 42.Nh3 Ne5+
43.Kf4 Ba5 44.Ng5+ Kg7 45.Nf1 Be1 46.Ne6+ Kf6 47.Nc7 g5+ 48.Ke3 Kg6 49.Ne8 Bb4
50.Ng3 Bc5+ 51.Ke2 g4 52.Kf1 Kg5 53.Ne2 Nf3 54.Kg2 Kh4 55.Kh1 Nd2 56.Nf6 Kg5
57.Nd5 Nxe4 58.b4 Ba7 59.Kg2 Nf6 60.Ne7 d5 61.Nc3 d4 62.Ne2 Nh5 63.Nc8 Bb8
64.Nxd4 Nf4+ 65.Kf2 Nd5 66.Ne6+ Kh4 67.c3 Kh3 68.Kg1 Bh2+ 69.Kh1 g3 70.Ng5+ Kg4
71.Ne4 Nxc3 72.Ncd6 Nxe4 73.Nxe4 Kf3 74.Nd2+ Ke3 75.b5 Kxd2  0-1

[Event "Orlova Open"]
[Site "Orlova CZE"]
[Date "2011.05.27"]
[Round "7.15"]
[White "Lys,J"]
[Black "Melzer,Patrik"]
[Result "0-1"]
[WhiteElo "2170"]
[BlackElo "1852"]

1.e4 c5 2.Nf3 Nf6 3.Nc3 d6 4.d4 cxd4 5.Nxd4 a6 6.Be3 e6 7.Be2 Qc7 8.O-O b5
9.a3 Bb7 10.f3 Nbd7 11.Qd2 Be7 12.Rfd1 O-O 13.Rac1 d5 14.exd5 Nxd5 15.Nxd5 Bxd5
16.b4 Nf6 17.Nb3 Rfd8 18.Qe1 Bc4 19.Bc5 Nd5 20.Bxe7 Qxe7 21.Bxc4 bxc4 22.Nc5 Qg5
23.Ne4 Qe5 24.Qd2 h6 25.g3 f5 26.Nc5 Nc3 27.Qxd8+ Rxd8 28.Rxd8+ Kh7 29.Rf1 Qe2
30.Rd6 Nd5 31.Rxe6 Ne3 32.Rxe3 Qxe3+ 33.Kh1 Qxa3 34.Rf2 a5  0-1

[Event "Zonal 3.3"]
[Site "Tagaytay City PHI"]
[Date "2011.05.27"]
[Round "6"]
[White "Hamdani,R"]
[Black "Surya,W"]
[Result "1-0"]
[WhiteElo "2368"]
[BlackElo "2234"]

1.e4 c5 2.Nf3 d6 3.d4 cxd4 4.Nxd4 Nf6 5.Nc3 a6 6.Be3 e6 7.f3 b5 8.Qd2 Nbd7
9.g4 Nb6 10.O-O-O Bb7 11.Bd3 b4 12.Nce2 d5 13.g5 Nfd7 14.Kb1 dxe4 15.fxe4 Nc5
16.Qe1 Nxd3 17.cxd3 Be7 18.h4 Na4 19.Nb3 O-O 20.Rg1 Rc8 21.Nf4 Qc7 22.Qf2 Rfd8
23.Rgf1 Bd6 24.Qg2 Rd7 25.Nh5 Kh8 26.Rg1 Bf8 27.Nf6 Rdd8 28.h5 a5 29.Rc1 Qe5
30.Rxc8 Bxc8 31.d4 Qb5 32.Rd1 gxf6 33.gxf6 Qxh5 34.Rg1 Bh6 35.Rh1 Qxh1+ 36.Qxh1 Bxe3
37.Qf3 Bg5 38.Qh5 Bxf6 39.Qxf7 Bg7 40.Qc7 Rf8 41.Qc6 Bh6 42.a3 bxa3 43.Qxa4 axb2
44.Qxa5 Bg7 45.Qb5 Rd8 46.Qa5 Rf8 47.Qa7 h6 48.Kxb2 e5 49.d5 Bg4 50.Nc5 Rf2+
51.Kc3 Bf6 52.Ne6 Rf3+ 53.Kc4 h5 54.Qf7 Rf1 55.Qg6  1-0

[Event "TCh-SLO"]
[Site "Ljubljana SLO"]
[Date "2011.05.28"]
[Round "2"]
[White "Simic,Draga SLO"]
[Black "Buzeti,J"]
[Result "1-0"]
[WhiteElo "2310"]
[BlackElo "2293"]

1.e4 c5 2.Nf3 d6 3.d4 cxd4 4.Nxd4 Nf6 5.Nc3 a6 6.Be3 e5 7.Nf3 Be7 8.Bc4 O-O
9.h3 Be6 10.Bb3 Nc6 11.Bg5 Nd7 12.Bxe7 Qxe7 13.Nd5 Qd8 14.O-O Nc5 15.Re1 Nxb3
16.axb3 Ne7 17.Nxe7+ Qxe7 18.Qe2 f5 19.Rad1 Rad8 20.Rd2 fxe4 21.Qxe4 Rf4
22.Qe3 Rff8 23.Red1 Bc8 24.c4 h6 25.Nh2 Qf6 26.Nf1 Bf5 27.Ng3 Bg6 28.f3 Kh7
29.Ne4 Kh8 30.Rd3 Qg5 31.Kh1 Rb8  1-0

[Event "82nd ch-GER"]
[Site "Bonn GER"]
[Date "2011.05.29"]
[Round "4"]
[White "Zill,C"]
[Black "Kummerow,H"]
[Result "0-1"]
[WhiteElo "2278"]
[BlackElo "2326"]

1.e4 c5 2.Nf3 d6 3.d4 cxd4 4.Nxd4 Nf6 5.Nc3 a6 6.Be3 e5 7.Nb3 Be6 8.f3 h5
9.Qd2 Nbd7 10.Nd5 Bxd5 11.exd5 g6 12.O-O-O Qc7 13.Kb1 Bg7 14.c4 b6 15.h4 a5
16.Qc2 Rc8 17.Bd3 O-O 18.Rc1 Qb7 19.Qe2 Rfe8 20.Nd2 e4 21.Bxe4 Nc5 22.Rhe1 Nfxe4
23.fxe4 Qe7 24.Bxc5 bxc5 25.Nf3 Rb8 26.Rc2 Rb4 27.Qe3 Qf6 28.Ree2 Reb8 29.e5 dxe5
30.Qxe5 Qb6 31.Qf4 Bxb2 32.Qxb8+ Qxb8 33.Rxb2 Kf8 34.Rd2 a4 35.a3 Rb3 36.Ka2 Qf4
37.Rdc2 Qe3 38.d6 Qd3 39.d7 Rxa3+ 40.Kb1 Qxd7  0-1

[Event "Chicago Open"]
[Site "Wheeling USA"]
[Date "2011.05.29"]
[Round "6"]
[White "Velikanov,A"]
[Black "Andrews,T"]
[Result "0-1"]
[WhiteElo "2105"]
[BlackElo "2291"]

1.e4 c5 2.Nf3 d6 3.d4 cxd4 4.Nxd4 Nf6 5.Nc3 a6 6.Be3 e5 7.Nf3 Be7 8.Bc4 O-O
9.h3 Be6 10.Bb3 Nc6 11.O-O Rc8 12.Bg5 Na5 13.Re1 Nc4 14.Bxc4 Rxc4 15.Nd2 Rc5
16.Nb3 Rc6 17.Qf3 Qc7 18.Rad1 b5 19.a3 Rb8 20.Rb1 a5 21.Na1 b4 22.Ne2 Nxe4
23.Bxe7 Nd2 24.Qe3 Nxb1 25.Bh4 bxa3 26.Rxb1 axb2 27.Nb3 Rxc2 28.Nd2 Ba2  0-1

[Event "Chicago Open"]
[Site "Wheeling USA"]
[Date "2011.05.30"]
[Round "9"]
[White "Abrahamyan,T"]
[Black "Jayakumar,A"]
[Result "1-0"]
[WhiteElo "2335"]
[BlackElo "2170"]

1.e4 c5 2.Nf3 d6 3.d4 cxd4 4.Nxd4 Nf6 5.Nc3 a6 6.Be3 e6 7.Qd2 b5 8.f3 Bb7
9.g4 h6 10.O-O-O Nbd7 11.h4 b4 12.Na4 Qa5 13.b3 Nc5 14.a3 Nxa4 15.axb4 Qc7
16.bxa4 d5 17.e5 Nd7 18.f4 Nb6 19.f5 Nxa4 20.fxe6 Nc3 21.exf7+ Kxf7 22.e6+ Kg8
23.Bg2 Bxb4 24.Qd3 Qa5 25.Nb3 Qa2 26.Rdf1 Rc8 27.Bd4 Qb1+ 28.Kd2 Nd1+ 29.c3 Qb2+
30.Kxd1 Qxb3+ 31.Qc2 Qxc2+ 32.Kxc2 Bd6 33.Rf7 Rc7 34.Rhf1 Rh7 35.Rxc7 Bxc7
36.e7  1-0

[Event "IV Sudety Open"]
[Site "Szklarska Poreba POL"]
[Date "2011.06.01"]
[Round "5"]
[White "Musialkiewicz,P"]
[Black "Musialkiewicz,J"]
[Result "0-1"]
[WhiteElo "1970"]
[BlackElo "2128"]

1.e4 c5 2.Nf3 d6 3.d4 cxd4 4.Nxd4 Nf6 5.Nc3 a6 6.Be3 e6 7.f3 b5 8.Qd2 Nbd7
9.O-O-O h6 10.g4 b4 11.Na4 Qa5 12.b3 Nc5 13.a3 Nxa4 14.axb4 Qc7 15.bxa4 d5
16.e5 Nd7 17.f4 Nb6 18.Bd3 Nxa4 19.h4 Nc3 20.Nb3 Bxb4 21.Qf2 Nxd1 22.Kxd1 a5
23.Bb5+ Bd7 24.Bxd7+ Qxd7 25.f5 a4 26.fxe6 Qxe6  0-1

[Event "IV Sudety Open"]
[Site "Szklarska Poreba POL"]
[Date "2011.06.02"]
[Round "6"]
[White "Dragun,K"]
[Black "Musialkiewicz,J"]
[Result "1-0"]
[WhiteElo "2420"]
[BlackElo "2128"]

1.e4 c5 2.Nf3 d6 3.d4 cxd4 4.Nxd4 Nf6 5.Nc3 a6 6.Be3 e6 7.Bd3 b5 8.a4 b4
9.Na2 Bb7 10.Nxb4 Nxe4 11.O-O d5 12.c3 Nd7 13.Bc2 Qc7 14.f3 Nef6 15.f4 Bd6
16.Nd3 Ne4 17.Kh1 h5 18.Nf2 Nxf2+ 19.Rxf2 Nf6 20.Qe2 Ng4 21.Rff1 O-O-O 22.Bd3 Kb8
23.b4 g5 24.b5 gxf4 25.Bg1 a5 26.Nc6+ Ka8 27.Nxd8 Qxd8 28.c4 Be5 29.c5 Bxa1
30.Rxa1 Qf6 31.Rf1 e5 32.c6 Bxc6 33.bxc6 Qxc6 34.Bb5 Qc3 35.Bd7 Qc4 36.Qd2 Kb7
37.Rc1  1-0

[Event "29th Liechtenstein Open"]
[Site "Triesen LIE"]
[Date "2011.06.02"]
[Round "7.19"]
[White "Matocha,P"]
[Black "Meertens,Mart"]
[Result "0-1"]
[WhiteElo "2029"]
[BlackElo "2172"]

1.e4 c5 2.Nf3 d6 3.d4 cxd4 4.Nxd4 Nf6 5.Nc3 a6 6.Be3 e5 7.Nb3 Be6 8.Qd2 Be7
9.f3 b5 10.Qf2 Nbd7 11.O-O-O O-O 12.g4 Bxg4 13.fxg4 Nxg4 14.Qg3 Nxe3 15.Rg1 Bg5
16.Qxg5 Qxg5 17.Rxg5 Nxd1 18.Kxd1 Nb6 19.Nd2 Rac8 20.h4 Rc5 21.h5 Rfc8 22.Bd3 h6
23.Rg2 b4 24.Ne2 Kh7 25.Ng3 g6 26.Rf2 Kg7 27.Rg2 Kf6 28.Rf2+ Ke7 29.b3 Ra5
30.Nc4 Nxc4 31.Bxc4 Rxc4 32.bxc4 Rxa2 33.Rd2 Ra1+ 34.Ke2 a5 35.Rd5 Ra3 36.Nf1 Ra2
37.Kd3 a4 38.Ne3 gxh5 39.Nf5+ Kf6 40.Rxd6+ Kg5 41.c5 b3 42.cxb3 axb3 43.c6 Rc2
44.Ne3 Rc5 45.Nc4 f6 46.Nb2 h4 47.Na4 Rc1 48.Nc3 b2 49.c7 Rxc3+ 50.Kxc3 b1=Q
51.Rd7 Qc1+ 52.Kb4 Qc6  0-1

[Event "Haspa-Schachpokal 2011 GpA"]
[Site "Bargteheide GER"]
[Date "2011.06.03"]
[Round "3.3"]
[White "Schroeder,Christo"]
[Black "Schmidt,Ha"]
[Result "0-1"]
[WhiteElo "2234"]
[BlackElo "2412"]

1.e4 c5 2.Nf3 d6 3.d4 cxd4 4.Nxd4 a6 5.Nc3 Nf6 6.Be3 e5 7.Nb3 Be7 8.f3 Be6
9.Qd2 O-O 10.O-O-O b5 11.g4 b4 12.Nd5 Bxd5 13.exd5 a5 14.Kb1 Nfd7 15.g5 Na6
16.h4 a4 17.Nc1 Qb8 18.h5 f5 19.gxf6 Bxf6 20.h6 g6 21.Bd3 Nac5 22.Be4 b3
23.cxb3 axb3 24.a3 Ra4 25.Ne2 Bd8 26.Nc3 Nxe4 27.Nxe4 Rxf3 28.Qe2 Rf8 29.Qg4 Rxe4
30.Qxe4 Nf6 31.Qc4 Be7 32.Rd3 Qa8 33.Qxb3 e4 34.Rd4 Qa6 35.Ra4 Qe2 36.Ra7 Re8
37.Bd4 Ng4 38.Qa4 Kf7 39.Qd1 Qxd1+ 40.Rxd1 g5 41.Re1 Nxh6 42.Rxe4 Nf5 43.Bc3 Rg8
44.a4 h5 45.a5 h4 46.a6 h3 47.Rb7 h2 48.Re1 g4 49.a7 Ra8 50.Rb4 g3 51.Rg4 Rxa7
52.Rh1 Bf6 53.Be1 Rb7 54.Bxg3 Rxb2+ 55.Kc1 Nxg3 56.Rxg3 Ra2 57.Rb3 Be5 58.Rf1+ Kg6
59.Rb8 Ra1+ 60.Rb1 Rxb1+ 61.Kxb1 Bd4 62.Rh1 Bg1 63.Kc2 Kf5 64.Kd3 Ke5  0-1

[Event "TCh-BUL GpA Men"]
[Site "Albena BUL"]
[Date "2011.06.04"]
[Round "3.4"]
[White "Spasov,V"]
[Black "Rusev,K"]
[Result "1/2-1/2"]
[WhiteElo "2594"]
[BlackElo "2530"]

1.e4 c5 2.Nf3 d6 3.d4 Nf6 4.Nc3 cxd4 5.Nxd4 a6 6.Be3 e5 7.Nf3 Qc7 8.a4 Be7
9.Be2 O-O 10.a5 Nc6 11.Bb6 Qb8 12.Nd5 Nxe4 13.Bc7 Qa7 14.Bb6 Qb8 15.Bc7 Qa7
16.Bb6 Qb8 17.Bc7  1/2-1/2

[Event "29th Liechtenstein Open"]
[Site "Triesen LIE"]
[Date "2011.06.04"]
[Round "9.10"]
[White "Proyer,E"]
[Black "Matt,F"]
[Result "0-1"]
[WhiteElo "1830"]
[BlackElo "2169"]

1.e4 c5 2.Nf3 d6 3.d4 cxd4 4.Nxd4 Nf6 5.Nc3 a6 6.Be3 e5 7.Nb3 Be6 8.f3 h5
9.Qd2 Nbd7 10.O-O-O Rc8 11.Kb1 Qc7 12.Qf2 Be7 13.Na4 b5 14.Nb6 Rb8 15.Nd5 Bxd5
16.exd5 O-O 17.h3 h4 18.Bg5 Nxd5 19.Bxh4 Bxh4 20.Qxh4 Rfc8 21.Bd3 N5f6 22.g4 Nf8
23.Bf5 Rd8 24.g5 N6d7 25.Qg3 Nb6 26.h4 Nc4 27.Be4 a5 28.h5 a4 29.g6 axb3
30.cxb3 Ne3 31.Rc1 Qd7 32.gxf7+ Qxf7 33.h6 g6 34.Rc7 Qxc7 35.Bxg6 Nxg6 36.Qxg6+ Kh8
37.Qf6+ Kh7  0-1

[Event "38th OKU 2011"]
[Site "Utrecht NED"]
[Date "2011.06.04"]
[Round "4"]
[White "Klein,Da"]
[Black "Bekker,Stefan"]
[Result "1-0"]
[WhiteElo "2359"]
[BlackElo "2162"]

1.e4 c5 2.Nf3 d6 3.d4 cxd4 4.Nxd4 Nf6 5.Nc3 a6 6.Be3 e5 7.Nb3 Be7 8.h3 Be6
9.Qf3 Nbd7 10.O-O-O b5 11.Nd5 Bxd5 12.exd5 O-O 13.g4 Rb8 14.g5 Ne8 15.Rg1 a5
16.Kb1 a4 17.Nc1 Qa5 18.Bd2 Qa7 19.a3 Bd8 20.Na2 Ba5 21.Bxa5 Qxa5 22.Nb4 Rb7
23.Rg4 f5 24.Nc6 fxg4 25.Qxf8+ Nxf8 26.Nxa5 Rb6 27.hxg4 Ng6 28.Bd3 Nf4 29.Bf5 Nh3
30.g6 h6 31.Rd3 Nf4 32.Rc3 Kf8 33.Rc8 Nxd5 34.Bd7 Nf6 35.Bc6 Ke7 36.c4 bxc4
37.Nxc4 Ra6 38.Ne3 Ra7 39.Nf5+ Kf8  1-0

[Event "FSGM June"]
[Site "Budapest HUN"]
[Date "2011.06.07"]
[Round "4"]
[White "Szabo,Krisz1"]
[Black "Rodriguez Lopez,Ra"]
[Result "1-0"]
[WhiteElo "2512"]
[BlackElo "2320"]

1.e4 c5 2.Nf3 d6 3.d4 cxd4 4.Nxd4 Nf6 5.Nc3 a6 6.Be3 e5 7.Nb3 Be7 8.f3 Be6
9.Qd2 O-O 10.O-O-O Qc7 11.g4 Rc8 12.g5 Nh5 13.Nd5 Bxd5 14.exd5 a5 15.a4 Nd7
16.Qf2 Nf4 17.h4 Bd8 18.Bb5 Nb6 19.Bxf4 exf4 20.Rhe1 Nd7 21.Re8+ Nf8 22.Rde1 g6
23.c3 Qb6 24.Qd2 h6 25.Qxf4 hxg5 26.hxg5 Kg7 27.R8e7  1-0

[Event "Djakovacki vezovi Open A"]
[Site "Djakovo CRO"]
[Date "2011.06.09"]
[Round "1.1"]
[White "Jurkovic,A"]
[Black "Popovic,Du"]
[Result "1/2-1/2"]
[WhiteElo "2342"]
[BlackElo "2553"]

1.e4 c5 2.Nf3 d6 3.d4 cxd4 4.Nxd4 Nf6 5.Nc3 a6 6.Be3 e5 7.Nf3 Qc7 8.Qd3 b5
9.Nd2 Bb7 10.a4 Nc6 11.Rc1 Nb4 12.Qe2 bxa4 13.Nc4 Nxe4 14.Bb6 Qc6 15.Nxe4 Qxe4
16.Qxe4 Bxe4 17.Kd2 Be7 18.f3 Bg6 19.h4 f6 20.c3 Nc6 21.Ra1 d5 22.Ne3 a3
23.b4 Bf7 24.Nf5 d4 25.Nxe7 dxc3+ 26.Kxc3 Nxe7 27.Bc5 a2 28.Bc4 Nd5+ 29.Kb3 Nf4
30.Rxa2 Bxc4+ 31.Kxc4 Kf7 32.Rha1 Rad8 33.g3 Ne6 34.Rxa6 Nxc5 35.bxc5 Rd4+
36.Kb5 Rd3 37.R1a3 Rb8+ 38.Kc6 Rbb3  1/2-1/2

[Event "Portuguese Honra"]
[Site "Vila Nova de Gaia POR"]
[Date "2011.06.09"]
[Round "5.5"]
[White "Ferreira,Ana"]
[Black "Margarido,J"]
[Result "0-1"]
[WhiteElo "1794"]
[BlackElo "1831"]

1.e4 c5 2.Nc3 d6 3.Nf3 Nf6 4.d4 cxd4 5.Nxd4 a6 6.Be3 e5 7.Nb3 Be6 8.f3 Be7
9.Qd2 O-O 10.O-O-O Nbd7 11.g4 b5 12.g5 b4 13.Ne2 Ne8 14.Kb1 a5 15.f4 a4 16.f5 axb3
17.fxe6 bxc2+ 18.Qxc2 fxe6 19.Bh3 Nc7 20.Qb3 d5 21.exd5 exd5 22.Rxd5 Nxd5
23.Qxd5+ Kh8 24.Qxd7 Rf3 25.Bd2 Rxh3 26.Qxh3 Qxd2 27.Qf3 Rf8 28.Qg2 Bxg5
29.Rf1 Qd3+ 30.Ka1 Bf6 31.Nc1 Qc4 32.Ne2 Rd8 33.Ng3 e4 34.Nxe4 Qd3 35.Qh1 Be5
36.Nc5 Qc2 37.Rb1 Bxb2+  0-1

[Event "Teplice Open"]
[Site "Teplice CZE"]
[Date "2011.06.11"]
[Round "1"]
[White "Rubes,J"]
[Black "Hellinger,Jan"]
[Result "1-0"]
[WhiteElo "2088"]
[BlackElo "1670"]

1.e4 c5 2.Nf3 d6 3.d4 cxd4 4.Nxd4 Nf6 5.Nc3 a6 6.Be3 e5 7.Nb3 Be7 8.Qd2 O-O
9.f3 Be6 10.O-O-O b5 11.g4 Nfd7 12.h4 Nb6 13.Nd5 Bxd5 14.exd5 Nc4 15.Bxc4 bxc4
16.Na5 f5 17.Nxc4 Nd7 18.Qd3 f4 19.Bf2 Rc8 20.Kb1 Nc5 21.Bxc5 Rxc5 22.Rh2 Qc7
23.Nd2 Rb8 24.Ne4 Rcb5 25.c4 Rb4 26.Rc1 Qb6 27.Qc3 a5 28.h5 a4 29.h6 gxh6
30.c5 dxc5 31.Qxe5 c4 32.a3 Rb3 33.d6 Bd8 34.Nc5 Bf6 35.Qe6+ Kg7 36.Nxb3 Qxb3
37.Rcc2 Qd3 38.Kc1 Qf1+ 39.Kd2 Qd3+ 40.Ke1 c3 41.Rxh6 Qd4 42.Qxf6+ Qxf6 43.Rxf6 Kxf6
44.bxc3 Ke6 45.Rd2 Kd7 46.c4 Rc8 47.Rd4 Rc5 48.Ke2 h5 49.gxh5 Rxh5 50.Kd3 Rc5
51.Ke4  1-0

[Event "Teplice Open"]
[Site "Teplice CZE"]
[Date "2011.06.11"]
[Round "1"]
[White "Rozsafny,M"]
[Black "Cernousek,L"]
[Result "0-1"]
[WhiteElo "1916"]
[BlackElo "2418"]

1.e4 c5 2.Nf3 d6 3.d4 Nf6 4.Nc3 cxd4 5.Nxd4 a6 6.Be3 e5 7.Nb3 Be6 8.Be2 Nbd7
9.O-O Rc8 10.Qd2 Be7 11.Rad1 O-O 12.f3 Nb6 13.Bxb6 Qxb6+ 14.Kh1 Qc7 15.Bd3 Rfd8
16.Nd5 Nxd5 17.exd5 Bd7 18.c4 b6 19.f4 Bf6 20.fxe5 Bxe5 21.Qg5 Rf8 22.Rf2 Rce8
23.Rdf1 Bc8 24.Qh4 g6 25.Nd2 f5 26.Nf3 Bf6 27.Qf4 Qc5 28.a3 Qe3 29.Qxe3 Rxe3
30.Rd1 Rfe8 31.Rdd2 R8e7 32.Kg1 g5 33.Rfe2 Rxd3 34.Rxe7 Rxd2 35.Re8+ Kf7
36.Rxc8 Rxb2 37.Rc7+ Kg6 38.Rc6 g4 39.Ne1 Bd4+ 40.Kh1 Bc5 41.Rc7 Bd4 42.Rc6 Rf2
43.Rc7 Rb2  0-1

[Event "28th BSG Pinkstertoernooi"]
[Site "Bussum NED"]
[Date "2011.06.12"]
[Round "4"]
[White "Losekoot,P"]
[Black "Beerdsen,Thomas"]
[Result "0-1"]
[WhiteElo "2072"]
[BlackElo "2003"]

1.e4 c5 2.Nf3 d6 3.d4 cxd4 4.Nxd4 Nf6 5.Nc3 a6 6.Be3 Ng4 7.Bg5 h6 8.Bh4 g5
9.Bg3 Bg7 10.h3 Nf6 11.Qd2 Nc6 12.O-O-O Bd7 13.Nxc6 Bxc6 14.e5 dxe5 15.Qxd8+ Rxd8
16.Rxd8+ Kxd8 17.Bxe5 Ne8 18.Bxg7 Nxg7 19.h4 g4 20.Be2 Bxg2 21.Rg1 Bc6 22.Bxg4 Kc7
23.a4 Rd8 24.b3 Rd4 25.Ne2 Rd6 26.Nf4 Rf6 27.Nd3 Nf5 28.Bxf5 Rxf5 29.Rg4 Kd6
30.Kd2 e5 31.f4 exf4 32.Rxf4 Ke6 33.Ke3 Kf6 34.c4 Kg6 35.c5 Kf6 36.Nb4 Bg2
37.Nd3 Bf1 38.Rxf5+ Kxf5 39.b4 Ke6 40.Nf4+ Ke5 41.Nd3+ Kd5  0-1

[Event "TCh-SLO"]
[Site "Lasko SLO"]
[Date "2011.06.12"]
[Round "9"]
[White "Maksimenko,An"]
[Black "Justin,M"]
[Result "1-0"]
[WhiteElo "2540"]
[BlackElo "2339"]

1.e4 c5 2.Nf3 d6 3.d4 cxd4 4.Nxd4 Nf6 5.Nc3 a6 6.Be3 e5 7.Nb3 Be6 8.h3 h5
9.f4 exf4 10.Bxf4 b5 11.Qe2 Nc6 12.O-O-O b4 13.Nd5 Nd7 14.Qc4  1-0

[Event "5th ENCI Limburg Open"]
[Site "Maastricht NED"]
[Date "2011.06.13"]
[Round "2.1"]
[White "Fedorchuk,S"]
[Black "Bomans,A"]
[Result "1-0"]
[WhiteElo "2654"]
[BlackElo "2200"]

1.e4 c5 2.Nf3 d6 3.d4 cxd4 4.Nxd4 Nf6 5.Nc3 a6 6.Be3 e6 7.Be2 Be7 8.O-O O-O
9.f4 Qc7 10.a4 Bd7 11.a5 Nc6 12.Nb3 Rac8 13.Bf3 Nb4 14.g4 d5 15.e5 Ne4 16.Nxe4 dxe4
17.Bxe4 Bc6 18.Bb6 Qxb6+ 19.axb6 Bxe4 20.c3 Rfd8 21.Qe1 Bd5 22.cxb4 Bxb3
23.Rf3 Bd5 24.Rc3 Bc6 25.Rc4 Rd5 26.Qc3 Bd8 27.Rxa6 Rd1+ 28.Kf2 Rd7 29.b5 Bh4+
30.Ke3 g5 31.bxc6 gxf4+ 32.Kxf4 bxc6 33.Rxc6 Rcd8 34.Rc8  1-0